| 000 | 00537nam a22002057a 4500 | ||
|---|---|---|---|
| 003 | OSt | ||
| 005 | 20140310181931.0 | ||
| 008 | 130722t xxu||||| |||| 00| 0 eng d | ||
| 020 | _a073999764709 | ||
| 050 |
_aMT 382 _b.G723 1959 |
||
| 082 |
_aTR 788.98 _bG5 1959 |
||
| 100 |
_aGower, W.M.; Voxman, H. _92761 |
||
| 245 |
_aRubank advanced method : _bE BB Bass. / _cGower, W.M.; Voxman, H. |
||
| 300 |
_a94 p. : _c30 cm. |
||
| 521 | _aFaculty | ||
| 541 | _j1 | ||
| 562 | _e1 | ||
| 650 |
_aBass _92762 |
||
| 942 |
_2lcc _cBK-TR _kTR |
||
| 999 |
_c7379 _d7379 |
||